Statistiques concernant Pokémon- De quelle ville provient cette image ?

Cliquez ici pour prendre le quiz!

Statistiques générales

  • Ce quiz a été pris 21 fois
  • Le résultat moyen est 10 sur 24

Statistiques - réponses

Réponse% Correct
Lavanville
68%
Bourg Palette
63%
Yantreizh
63%
Illumis
53%
Rivamar
53%
Voilaroc
53%
Céladopole
47%
Vaguelone
47%
Volucité
47%
Argenta
42%
Bonville
42%
Eternara
42%
Nénucrique
42%
Flocombe
37%
Mauville
37%
Oliville
37%
Rosalia
37%
Ecorcia
32%
Pavonnay
32%
Cimetronelle
21%
Lili'i
21%
Romant-sous-Bois
21%
Malié
16%
Village Flottant
11%

Distribution des résultats

Percentile par nombre de réponses

% des personnes avec chaque résultat

Votre développement - résultats

Vous n’avez pas pris ce quiz